|
|
|
|
| LEADER |
00000nam a2200000Ii 4500 |
| 001 |
DIGCOLMX0304 |
| 003 |
NyNyDIG |
| 007 |
cr ||||||||||| |
| 008 |
220131s2015 mx ob 000 p spa d |
| 006 |
m o d |
| 035 |
|
|
|a (OCoLC)1319853809
|
| 040 |
|
|
|a DGITA
|b eng
|e rda
|e pn
|c DGITA
|
| 020 |
|
|
|a 9786074628050
|q eBook
|
| 020 |
|
|
|z 9786074625288
|
| 050 |
1 |
4 |
|a PQ7296.L65 ebook
|
| 082 |
1 |
4 |
|a 861.4
|
| 100 |
1 |
|
|a López, Patricio Antonio,
|d active 18th century.
|
| 245 |
1 |
0 |
|a Mercurio Yndiano :
|b poema histórico /
|c por Patricio Antonio López, cacique zapoteco (1740) ; edición, estudio y notas, Beatriz Mariscal Hay.
|
| 250 |
|
|
|a Primera edición electrónica.
|
| 264 |
|
1 |
|a México, D.F. :
|b El Colegio de México,
|c 2015.
|
| 300 |
|
|
|a 1 online resource.
|
| 336 |
|
|
|a text
|b txt
|2 rdacontent
|
| 337 |
|
|
|a computer
|b c
|2 rdamedia
|
| 338 |
|
|
|a online resource
|b cr
|2 rdacarrier
|
| 347 |
|
|
|a text file
|2 rdaft
|
| 347 |
|
|
|b EPUB
|
| 490 |
1 |
|
|a Biblioteca novohispana ;
|v XI
|
| 500 |
|
|
|a "Centro de Estudios Lingüísticos y Literarios."
|
| 504 |
|
|
|a Includes bibliographical references.
|
| 588 |
0 |
|
|a Online resource; title from ePub title page (Digitalia, viewed January 31, 2021)
|
| 600 |
1 |
0 |
|a López, Patricio Antonio,
|d active 18th century.
|t Mercurio Yndiano.
|
| 650 |
|
0 |
|a Zapotec Indians
|x History
|y 18th century
|v Poetry.
|
| 655 |
|
7 |
|a Poetry.
|2 lcgft
|
| 655 |
|
0 |
|a Electronic books.
|
| 700 |
1 |
|
|a Mariscal, Beatriz,
|e editor.
|
| 791 |
2 |
|
|a Digitalia (Firm),
|e distributor.
|
| 793 |
0 |
|
|g Digitalia eBook Collection:
|a El Colegio de México
|
| 776 |
0 |
8 |
|i Print version:
|a López, Patricio Antonio, active 18th century.
|t Mercurio Yndiano.
|b Primera edición.
|d México, D.F. : El Colegio de México, 2014
|z 9786074625288
|
| 830 |
|
0 |
|a Biblioteca novohispana ;
|v 11.
|
| 856 |
4 |
0 |
|3 Digitalia Hispánica
|u https://www.digitaliapublishing.com/a/105665/
|
| 910 |
|
|
|a Premium collection: 2022
|